000 01566nam a2200349 i 4500
001 768714001
003 CO-MdFUSB
005 20240826171459.0
007 ta
008 220810t19721982-us |||| |||| 00| 0 spa d
020 _a0802818862
040 _aCO-MdFUSB
_bspa
_cCO-MdFUSB
_dCO-MdFUSBC
_erda
041 _aeng
082 _223
_a226.207
_bH645
100 _aHill, David,
_eautor
245 4 _aThe gospel of Mattew
_c/ David Hill
264 1 _aEstados Unidos :
_bWm. B. Eerdmans Publishing Company,
_c[1972]
264 3 _c1982
264 4 _c©1972
300 _a366 páginas
_c; 23 cm
336 _2rdacontent
_atexto
_btxt
337 _2rdamedia
_asin mediación
_bn
338 _2rdacarrier
_avolumen
_bnc
490 _aThe New Century Bible Commentary
505 _aIntroducción al evangelio de Mateo: Primeras tradiciones acerca del Evangelio. -- Fuentes literarias y citas bíblicas. -- El carácter y propósito del evangelio 4 Un análisis del evangelio. -- Los orígenes históricos del evangelio. -- Crítica de la forma y teología de Mateo. -- Comentario al evangelio de Mateo: Prólogo 1-2. -- Los Fundamentos del Reino 3-7 La Proclamación del Reino 8-10. -- El Misterio del Reino 11.2-13.52. -- La Comunidad del Reino. Fe y práctica.13-53-18.35. -- La Inminencia del Reino. Controversias y Escatología 19.3-25-46. -- Pasión y Resurrección 26-28. Í
563 _aRústico
630 0 7 _aBiblia.
_vMateo
650 7 _aHermenéutica bíblica
_2embne
_97333
942 _cBK
945 _aJTF-925
999 _c68061
_d68061